| 000 | 00608nam a22002177a 4500 | ||
|---|---|---|---|
| 999 |
_c16721 _d16721 |
||
| 003 | OSt | ||
| 005 | 20180319120154.0 | ||
| 008 | 180319b xxu||||| |||| 00| 0 eng d | ||
| 020 | _a9781133599111 | ||
| 040 | _cKABU | ||
| 050 |
_aQP 143 _b.D73 2014 C.1 |
||
| 100 | _aDeBrune, Kelly Linda | ||
| 245 |
_aNutrition for Health and Health Care _cLinda Kelly DeBruyne and Kathryn Pinna |
||
| 250 | _a5th ed. | ||
| 260 |
_aUSA _bCengage learning _c2014 |
||
| 300 | _axxii, 673p | ||
| 650 | _aNutritionally induced diseases | ||
| 650 | _aDiiet therapy | ||
| 700 | _aKathryn Pinna | ||
| 942 |
_2lcc _cBK |
||